Normal view
MARC view
Entry Personal Name
001 - CONTROL NUMBER
- control field: 13288
003 - CONTROL NUMBER IDENTIFIER
- control field: BD-RjUL
005 - DATE AND TIME OF LATEST TRANSACTION
- control field: 20240603113437.0
008 - FIXED-LENGTH DATA ELEMENTS
- fixed length control field: 240603|| aca||aabn | a|a d
040 ## - CATALOGING SOURCE
- Original cataloging agency: BD-RjUL
- Transcribing agency: BD-RjUL
100 ## - HEADING--PERSONAL NAME
- Personal name: Islam, Md. Rafiquel
670 ## - SOURCE DATA FOUND
- Source citation: Work cat.: (BD-RjUL)83878: Islam, Md. Rafiquel, Use of Communication Media by Extension Workers and Farmers in Transfer and Adoption of Rice Production Technologies /, 2009